Départements de France possédant des bastides - Statistiques

Statistiques générales
  • Ce quiz a été pris 40 fois
  • Le résultat moyen est 15 sur 17
Statistiques - réponses
Nombre Département Exemples : % Correct
8 Aveyron Villefranche-de-Rouergue, Najac, Réquista, Villecomtal...
95%
12 Lot Bretenoux, Labastide-Marnhac...
95%
34 Lot-et-Garonne Villeneuve-sur-Lot, Villeréal, Aiguillon, Montflanquin, Puymirol, Castillonnès...
95%
17 Aude Carcassonne, Castelnaudary, Belpech, Labastide-d’Anjou...
92%
3 Cantal Aurillac, Maurs, Montsalvy
92%
34 Gers Beaucaire, Mirande, Fleurance, Plaisance, Fourcès, Pavie, Montréal-du-Gers, Marciac, Cazaubon...
92%
8 Gironde Libourne, Créon, Cadillac, Sainte-Foy-la-Grande...
92%
41 Haute-Garonne Revel, Plaisance-du-Touch, Cazères, Carbonne, Boulogne-sur-Gesse, Rieumes, Montesquieu-Volvestre, Villefranche-de-Lauragais, Grenade, Boussens...
92%
17 Pyrénées-Atlantiques Navarrenx, Nay, Ainhoa, Lestelle-Bétharram, Asson...
92%
25 Tarn Lisle-sur-Tarn, Réalmont, Saint-Sulpice-la-Pointe, Villefranche-d’Albigeois...
92%
26 Tarn-et-Garonne Albias, Beaumont-de-Lomagne, Lafrançaise, Montech, Valence-d’Agen, Nègrepelisse...
92%
11 Hautes-Pyrénées Lannemezan, Tournay, Montgaillard, Rabastens-de-Bigorre, Trie-sur-Baïse...
90%
30 Landes Roquefort, Villeneuve-de-Marsan, Cazères-sur-l’Adour, Saint-Sever, Labastide-d’Armagnac...
87%
22 Ariège Saint-Girons, Mirepoix, Mazères, Tarascon-sur-Ariège, Saint-Ybars, Villeneuve-d’Olmes...
85%
19 Dordogne Lalinde, Domme, Monpazier, Vergt, Eymet...
82%
1 Charente-Maritime Talmont-sur-Gironde
79%
1 Haute-Vienne Masléon
54%
Aucun quiz correspondant
Distribution des résultats
% des personnes avec chaque résultat
Percentile par nombre de réponses
Votre historique - résultats
Vous n’avez pas pris ce quiz